00477nam a2200133 a 450000500170000000800410001705000200005810000510007824500750012926000420020444000490024665000180029565000300031320140414093841.0081120s19uu xx uuu eng d aVCD 793.31bH63 aHiyas Folkloric Group & the Maharlika Rondalla a16 Best Philippine Folk Dances on Video CD, Vol. 5:bdance as you see. aManila :bAquarius Records and Tapes. aFor Students and Cultural Dancers for Abroad aFolk dancing. aFolk dancesxPhilippines.